[Event "Cologne Longerich op-B 12th"]
[Site "Cologne"]
[Date "2015.08.02"]
[Round "5"]
[White "Sewald, Joerg"]
[Black "Liebsch, Ulrich"]
[Result "1/2-1/2"]
[WhiteElo "1565"]
[BlackElo "1659"]
[PlyCount "163"]
[EventDate "2015.07.31"]
[EventType "tourn"]
[EventRounds "5"]
[EventCountry "GER"]
[SourceTitle "EXT 2017"]
[Source "ChessBase"]
[SourceDate "2016.10.25"]
[SourceVersion "1"]
[SourceVersionDate "2016.10.25"]
[SourceQuality "1"]

1. g3 d5 2. Bg2 Nf6 3. b3 e5 4. Bb2 Bd6 5. d3 c6 6. h3 Be6 7. e3 Nbd7 8. Nd2 Qc7 9. Ne2 0-0 10. g4 a5 11. a3 h6 12. e4 Rfd8 13. Ng3 g6 14. f3 d4 15. h4 Nh7 16. Nc4 Bf8 17. Bc1 b5 18. Nb2 c5 19. 0-0 Rac8 20. f4 exf4 21. Bxf4 Bd6 22. Bxd6 Qxd6 23. Kh2 Ne5 24. Bh3 c4 25. bxc4 bxc4 26. Qe2 cxd3 27. Nxd3 Rc3 28. Rf2 Rdc8 29. Qd1 Nc4 30. e5 Qd7 31. Nf5 Bxf5 32. gxf5 Ne3 33. Qf3 Nxf5 34. Rg1 Kf8 35. Qf4 Rxc2 36. Bxf5 Rxf2+ 37. Qxf2 Qxf5 38. Qxd4 Rc2+ 39. Rg2 Rxg2+ 40. Kxg2 Kg8 41. Nf2 Nf8 42. a4 Ne6 43. Qe4 Qh5 44. Ng4 Kg7 45. Nf6 Qd1 46. Ne8+ Kf8 47. Nf6 Qd2+ 48. Kh1 Qd4 49. Qa8+ Qd8 50. Qe4 Qd4 51. Qa8+ Qd8 52. Qe4 Kg7 53. Kh2 Qd4 54. Ne8+ Kf8 55. Nf6 Qxe4 56. Nxe4 g5 57. hxg5 hxg5 58. Kg3 Kg7 59. Nd6 Nc5 60. Nc4 Nxa4 61. Nxa5 Nc5 62. Nc4 Kg6 63. Kg4 Nd3 64. Kg3 Kf5 65. Nd6+ Ke6 66. Ne4 Kf5 67. Nd6+ Kg6 68. Nc4 Kh5 69. Kf3 g4+ 70. Ke3 g3 71. Kf3 Kh4 72. Kg2 Nf4+ 73. Kg1 Kh3 74. Ne3 Nd3 75. Nc4 g2 76. Ne3 Nf4 77. Kf2 Kh2 78. Nxg2 Nxg2 79. Kf3 Ne1+ 80. Kf4 Nd3+ 81. Kf5 Kg3 82. e6 1/2-1/2

[Event "Cologne Longerich op-B 12th"]
[Site "Cologne"]
[Date "2015.07.31"]
[Round "1"]
[White "Beissel, Daniel"]
[Black "Liebsch, Ulrich"]
[Result "0-1"]
[WhiteElo "1513"]
[BlackElo "1659"]
[PlyCount "116"]
[EventDate "2015.07.31"]
[EventType "tourn"]
[EventRounds "5"]
[EventCountry "GER"]
[SourceTitle "EXT 2017"]
[Source "ChessBase"]
[SourceDate "2016.10.25"]
[SourceVersion "1"]
[SourceVersionDate "2016.10.25"]
[SourceQuality "1"]

1. d4 f5 2. Nf3 Nf6 3. e3 e6 4. Bd3 Be7 5. c4 0-0 6. c5 b6 7. b4 Bb7 8. a3 a5 9. Bb2 axb4 10. axb4 Rxa1 11. Bxa1 Nc6 12. Qb3 Nd5 13. Bc3 Qa8 14. 0-0 bxc5 15. bxc5 Ba6 16. Qc2 Ncb4 17. Bxb4 Nxb4 18. Qa4 Bxd3 19. Qxb4 Bxf1 20. Kxf1 Rb8 21. Qe1 Qa1 22. Nbd2 Qxe1+ 23. Kxe1 d6 24. cxd6 cxd6 25. Ke2 Rb2 26. Kd3 Kf7 27. h4 h6 28. Kc3 Ra2 29. Kb3 Ra1 30. Kb2 Ra8 31. Kc3 Rc8+ 32. Kd3 Bd8 33. Nc4 Ke7 34. g3 Rb8 35. Nfd2 Rb5 36. Ke2 Ba5 37. Nxa5 Rxa5 38. Kf3 Ra2 39. Nf1 Kf6 40. Nh2 h5 41. Kg2 e5 42. Nf3 Ra4 43. Kf1 f4 44. dxe5+ dxe5 45. exf4 exf4 46. Kg2 Kf5 47. Nh2 Ke4 48. f3+ Ke3 49. Nf1+ Ke2 50. gxf4 Rxf4 51. Nh2 Rxh4 52. Kg3 Rxh2 53. Kxh2 Kxf3 54. Kh3 g5 55. Kh2 g4 56. Kg1 g3 57. Kf1 g2+ 58. Kg1 h4 0-1

[Event "Cologne Longerich op-B 11th"]
[Site "Cologne"]
[Date "2014.08.02"]
[Round "3"]
[White "Knuetter, Helmut"]
[Black "Liebsch, Ulrich"]
[Result "1/2-1/2"]
[WhiteElo "1647"]
[BlackElo "1669"]
[PlyCount "32"]
[EventDate "2014.08.01"]
[EventType "swiss"]
[EventRounds "5"]
[EventCountry "GER"]
[SourceTitle "EXT 2022"]
[Source "ChessBase"]
[SourceDate "2021.10.06"]
[SourceVersion "1"]
[SourceVersionDate "2021.10.06"]
[SourceQuality "1"]

1. e4 d5 2. exd5 Qxd5 3. Nc3 Qa5 4. d4 c6 5. Be2 Nf6 6. Nf3 Bg4 7. h3 Bxf3 8. Bxf3 e6 9. 0-0 Bd6 10. Ne2 Nbd7 11. c3 0-0 12. Bf4 Qc7 13. Qd2 Bxf4 14. Qxf4 Qxf4 15. Nxf4 Rad8 16. Nd3 Nd5 1/2-1/2

[Event "Verbandsliga Mittelrhein-Ost 1213"]
[Site "Germany"]
[Date "2012.11.11"]
[Round "4.7"]
[White "Humbek, Olav"]
[Black "Liebsch, Ulrich"]
[Result "0-1"]
[WhiteElo "1736"]
[BlackElo "1688"]
[PlyCount "58"]
[EventDate "2012.09.09"]
[EventType "team"]
[EventRounds "11"]
[EventCountry "GER"]
[SourceTitle "EXT 2015"]
[Source "ChessBase"]
[SourceDate "2014.11.20"]
[SourceVersion "1"]
[SourceVersionDate "2014.11.20"]
[SourceQuality "1"]
[WhiteTeam "Lohmar"]
[BlackTeam "Bayer Leverkusen II"]
[WhiteTeamCountry "GER"]
[BlackTeamCountry "GER"]

1. e4 d6 2. d4 Nf6 3. Nc3 g6 4. f4 Bg7 5. Nf3 Bg4 6. e5 dxe5 7. fxe5 Nd5 8. Bc4 c6 9. h3 Bf5 10. 0-0 0-0 11. Nh4 Be6 12. Ne4 Ne3 13. Bxe3 Bxc4 14. Rf2 Nd7 15. Qd2 Bd5 16. Ng5 h6 17. Ngf3 Kh7 18. Nh2 f5 19. exf6 exf6 20. Ng4 f5 21. Nxf5 gxf5 22. Nxh6 Be4 23. g4 Qh4 24. Bg5 Qxh3 25. Rh2 Qg3+ 26. Kf1 fxg4+ 27. Nf7+ Kg8 28. Bf6 Rxf7 29. Rh8+ Kxh8 0-1

[Event "Leverkusen Bayer op 10th"]
[Site "Leverkusen"]
[Date "2012.03.07"]
[Round "5"]
[White "Weinmann Musset, Manfred"]
[Black "Liebsch, Ulrich"]
[Result "1-0"]
[WhiteElo "1824"]
[BlackElo "1695"]
[PlyCount "67"]
[EventDate "2012.01.11"]
[EventType "swiss"]
[EventRounds "7"]
[EventCountry "GER"]
[SourceTitle "EXT 2014"]
[Source "ChessBase"]
[SourceDate "2013.11.20"]
[SourceVersion "1"]
[SourceVersionDate "2013.11.20"]
[SourceQuality "1"]

1. d4 f5 2. h3 Nf6 3. g4 e6 4. g5 Ne4 5. h4 d5 6. Bf4 Bd6 7. Nh3 Nc6 8. e3 Ne7 9. a3 Bd7 10. Nd2 Bc6 11. Nf3 Ng6 12. Bxd6 Nxd6 13. h5 Nf8 14. Ne5 Nd7 15. Nxc6 bxc6 16. Nf4 Qe7 17. h6 g6 18. Rg1 Kf7 19. Bd3 c5 20. dxc5 Nxc5 21. f3 a5 22. b4 axb4 23. axb4 Nxd3+ 24. Nxd3 Rhb8 25. Ne5+ Kg8 26. Nc6 Qf8 27. Nxb8 Rxb8 28. c3 Nc4 29. Qd4 c6 30. f4 Rb7 31. Rg2 e5 32. fxe5 Qe7 33. e6 Qxe6 34. Ra8+ 1-0

[Event "Leverkusen Bayer op 10th"]
[Site "Leverkusen"]
[Date "2012.01.11"]
[Round "1"]
[White "Liebsch, Ulrich"]
[Black "Eulering, Georg"]
[Result "0-1"]
[WhiteElo "1695"]
[BlackElo "2064"]
[PlyCount "48"]
[EventDate "2012.01.11"]
[EventType "swiss"]
[EventRounds "7"]
[EventCountry "GER"]
[SourceTitle "EXT 2014"]
[Source "ChessBase"]
[SourceDate "2013.11.20"]
[SourceVersion "1"]
[SourceVersionDate "2013.11.20"]
[SourceQuality "1"]

1. e4 Nf6 2. Nc3 d5 3. e5 Ne4 4. d4 Nxc3 5. bxc3 c5 6. Bb5+ Nc6 7. Ne2 cxd4 8. cxd4 Qa5+ 9. Bd2 Qxb5 10. a4 Qc4 11. c3 Bf5 12. 0-0 Na5 13. Ng3 Bd3 14. Re1 e6 15. Re3 Bg6 16. h4 h5 17. Ne2 Be7 18. Nf4 Qb3 19. Nxg6 Qxd1+ 20. Rxd1 fxg6 21. g3 0-0 22. Rb1 b6 23. Be1 Rac8 24. Re2 Rc4 0-1

[Event "Leverkusen Bayer op 9th"]
[Site "Leverkusen"]
[Date "2011.02.21"]
[Round "4"]
[White "Werbeck, Torsten"]
[Black "Liebsch, Ulrich"]
[Result "1-0"]
[WhiteElo "2071"]
[BlackElo "1731"]
[PlyCount "91"]
[EventDate "2011.01.10"]
[EventType "swiss"]
[EventRounds "7"]
[EventCountry "GER"]
[SourceTitle "EXT 2012"]
[Source "ChessBase"]
[SourceDate "2011.11.24"]
[SourceVersion "1"]
[SourceVersionDate "2011.11.24"]
[SourceQuality "1"]

1. d4 f5 2. c4 Nf6 3. Nf3 e6 4. g3 Be7 5. Bg2 0-0 6. 0-0 d6 7. Nc3 Nbd7 8. Qc2 Qe8 9. Re1 Nb6 10. b3 a5 11. e4 fxe4 12. Nxe4 Nxe4 13. Qxe4 Bf6 14. Bh3 Qh5 15. Bg4 Qf7 16. Bxe6 Bxe6 17. Qxe6 Qxe6 18. Rxe6 Rae8 19. Rxe8 Rxe8 20. Be3 a4 21. Rd1 Ra8 22. d5 axb3 23. axb3 Nd7 24. Kg2 Ra3 25. Rb1 Kf7 26. Nd4 Ne5 27. Nb5 Ra2 28. Nxc7 Ng4 29. Kf3 Nxh2+ 30. Ke4 Ng4 31. Nb5 Ke7 32. c5 Nxf2+ 33. Bxf2 Rxf2 34. Nxd6 b6 35. b4 Kd7 36. Nc4 bxc5 37. bxc5 Rc2 38. c6+ Kc8 39. Nd6+ Kc7 40. Ne8+ Kc8 41. Nxf6 gxf6 42. Rb7 Rc3 43. g4 Rc4+ 44. Kf5 Rc5 45. Ke6 Rc4 46. Rg7 1-0

[Event "Leverkusen-ch op"]
[Site "Leverkusen"]
[Date "2008.04.14"]
[Round "7"]
[White "Liebsch, Ulrich"]
[Black "Becker, Rainer"]
[Result "0-1"]
[WhiteElo "1732"]
[BlackElo "1979"]
[PlyCount "80"]
[EventDate "2008.01.14"]
[EventType "swiss"]
[EventRounds "7"]
[EventCountry "GER"]
[SourceTitle "EXT 2010"]
[Source "ChessBase"]
[SourceDate "2010.11.25"]
[SourceVersion "1"]
[SourceVersionDate "2010.11.25"]
[SourceQuality "1"]

1. c4 c6 2. Nc3 d5 3. cxd5 cxd5 4. d4 Nc6 5. Bf4 Bf5 6. e3 e6 7. Bd3 Bxd3 8. Qxd3 Nf6 9. a3 Be7 10. Nf3 0-0 11. 0-0 Na5 12. Ne5 Rc8 13. Ne2 Qb6 14. b4 Nc4 15. Bg5 Rc7 16. Nxc4 dxc4 17. Qc2 a5 18. Bxf6 Bxf6 19. Rab1 Be7 20. bxa5 Qxa5 21. a4 Bb4 22. Qb2 Bd2 23. Qb5 Qxb5 24. axb5 Ra8 25. Ra1 Ra5 26. Rxa5 Bxa5 27. Ra1 b6 28. Nc3 Kf8 29. Rc1 Ke7 30. Kf1 Kd6 31. e4 Bxc3 32. Rxc3 e5 33. dxe5+ Kxe5 34. Ke2 Kxe4 35. Kd2 Kd4 36. Kc2 Kc5 37. Rg3 g6 38. Rg5+ Kb4 39. Rd5 Ra7 40. Kb2 Re7 0-1

[Event "Leverkusen-ch op 14th"]
[Site "Leverkusen"]
[Date "2002.03.18"]
[Round "6"]
[White "Liebsch, Ulrich"]
[Black "Kies, Werner"]
[Result "1/2-1/2"]
[WhiteElo "1756"]
[BlackElo "2001"]
[PlyCount "49"]
[EventDate "2002.01.14"]
[EventType "swiss"]
[EventRounds "9"]
[EventCountry "GER"]
[SourceTitle "EXT 2004"]
[Source "ChessBase"]
[SourceDate "2003.11.25"]
[SourceVersion "1"]
[SourceVersionDate "2003.11.25"]
[SourceQuality "1"]

1. Nf3 g6 2. d4 Bg7 3. e4 d6 4. h3 Nc6 5. Be3 e5 6. d5 Nce7 7. Bd3 Nf6 8. Qd2 h5 9. Nc3 Bd7 10. 0-0-0 a6 11. Ng5 b5 12. a3 Qb8 13. f4 b4 14. axb4 Qxb4 15. Nb1 a5 16. Rhf1 0-0 17. fxe5 Qxd2+ 18. Rxd2 dxe5 19. Rdf2 Nc8 20. Rxf6 Bxf6 21. Rxf6 Kg7 22. Rf2 Nd6 23. Bc5 Rab8 24. Na3 f6 25. Nf3 1/2-1/2

[Event "Leverkusen-ch op 14th"]
[Site "Leverkusen"]
[Date "2002.03.11"]
[Round "5"]
[White "Hegmann, Werner"]
[Black "Liebsch, Ulrich"]
[Result "0-1"]
[WhiteElo "1797"]
[BlackElo "1756"]
[PlyCount "58"]
[EventDate "2002.01.14"]
[EventType "swiss"]
[EventRounds "9"]
[EventCountry "GER"]
[SourceTitle "EXT 2004"]
[Source "ChessBase"]
[SourceDate "2003.11.25"]
[SourceVersion "1"]
[SourceVersionDate "2003.11.25"]
[SourceQuality "1"]

1. e4 c5 2. f4 Nc6 3. Nf3 d6 4. c3 Nf6 5. d3 g6 6. Be2 Bg7 7. 0-0 0-0 8. h3 a6 9. g4 b5 10. a3 Bb7 11. Be3 Qd7 12. Nh2 Rac8 13. Nd2 Qc7 14. Qe1 e5 15. g5 Nd7 16. f5 f6 17. h4 gxf5 18. exf5 Ne7 19. Bg4 Nd5 20. Qg3 Nxe3 21. Qxe3 Rce8 22. Bh5 Re7 23. g6 hxg6 24. Bxg6 Qc6 25. Ne4 d5 26. Ng3 d4 27. Qd2 Bh6 28. Qe2 Be3+ 29. Rf2 Qg2# 0-1

[Event "Leverkusen-ch op 14th"]
[Site "Leverkusen"]
[Date "2002.02.25"]
[Round "4"]
[White "Liebsch, Ulrich"]
[Black "Puetzkaul, Karl"]
[Result "1-0"]
[WhiteElo "1756"]
[BlackElo "1815"]
[PlyCount "125"]
[EventDate "2002.01.14"]
[EventType "swiss"]
[EventRounds "9"]
[EventCountry "GER"]
[SourceTitle "EXT 2004"]
[Source "ChessBase"]
[SourceDate "2003.11.25"]
[SourceVersion "1"]
[SourceVersionDate "2003.11.25"]
[SourceQuality "1"]

1. d4 Nf6 2. c4 e6 3. a3 d5 4. Nc3 Be7 5. Nf3 0-0 6. cxd5 exd5 7. Bf4 c6 8. Qc2 Nbd7 9. h3 Re8 10. e3 Nf8 11. Bd3 Ng6 12. Bh2 Bd6 13. 0-0 Bxh2+ 14. Kxh2 Qd6+ 15. Kg1 Bd7 16. Bxg6 hxg6 17. Ne5 Bf5 18. Qb3 Rab8 19. Rac1 Nd7 20. Nxd7 Qxd7 21. Ne2 g5 22. Ng3 Bg6 23. Rce1 Re7 24. Re2 Rbe8 25. Rfe1 Qc7 26. Qc3 Qd6 27. b4 a6 28. Qc5 Qd7 29. Nf1 Bd3 30. Rd2 Bc4 31. Qb6 f5 32. Rc1 f4 33. exf4 gxf4 34. Kh2 Qf5 35. Qc5 Bxf1 36. Rxf1 f3 37. g3 g5 38. Qd6 Rh7 39. g4 Qf7 40. Rd3 Rh4 41. Qg3 Rf8 42. Re1 Rh6 43. Re5 Rg6 44. Rf5 Qg7 45. Rxf8+ Qxf8 46. Rxf3 Qe7 47. Re3 Qf7 48. Re5 Kh7 49. Qe3 Qf6 50. Kg2 Rg7 51. Rf5 Qe7 52. Re5 Qf6 53. f3 Qg6 54. Rf5 Kg8 55. Qe5 Kh7 56. f4 Rf7 57. Rxf7+ Qxf7 58. Qxg5 Qe8 59. Qf5+ Kg8 60. Qe5 Qf7 61. f5 Kh7 62. Kg3 Kg8 63. Qe6 1-0